| 000 | 00628 a2200181 4500 | ||
|---|---|---|---|
| 999 |
_c8790 _d8790 |
||
| 020 | _a9780702151422 | ||
| 050 | _aKTL1052 PRE 1999 | ||
| 100 |
_aHahlo, H. R. _eeditor |
||
| 245 |
_aHahlo's South African company law through the cases : _ba source book : a collection of cases on company law, with explanatory notes and comments / _cJ T Pretorius |
||
| 264 |
_aKenwyn : _b Juta, _c1999. |
||
| 300 | _axlviii, 629 pages ; 25 cm | ||
| 500 | _aIncludes index. | ||
| 650 | _aCorporation law -- South Africa | ||
| 700 | _aDelport, P.A | ||
| 700 | _aHavenga, Michele | ||
| 700 | _aVermas, Maria | ||
| 942 |
_2lcc _cBK _h1052 _iPRE _kKTL |
||